Statistics for Top 10 University of Michigan Basketball Players of All-Time

Click here to take the quiz!

General Stats

  • This quiz has been taken 154 times
  • The average score is 4 of 10

Answer Stats

#PlayerPositionTenure% Correct
4Chris WebberF1991-1993
92%
10Juwan HowardF1991-1994
83%
5Trey BurkeG2011-2013
67%
2Glen RiceG/F1985-1989
64%
7Jalen RoseG1991-1994
45%
1Cazzie RussellG1963-1966
32%
3Rudy TomjanovichF1967-1970
21%
8Gary GrantG1984-1988
17%
9Rickey GreenG1975-1977
13%
6Bill BuntinC/F1962-1965
10%

Score Distribution

Percentile by Number Answered

Percent of People with Each Score

Your Score History

You have not taken this quiz